Bài tập tiếng Pháp 9
Αποθηκεύτηκε σε:
| Κύριος συγγραφέας: | |
|---|---|
| Μορφή: | Βιβλίο |
| Γλώσσα: | Undetermined |
| Έκδοση: |
H,
Giáo dục
2006
|
| Θέματα: | |
| Διαθέσιμο Online: | http://lrc.tdmu.edu.vn/opac/search/detail.asp?aID=2&ID=4955 |
| Ετικέτες: |
Προσθήκη ετικέτας
Δεν υπάρχουν, Καταχωρήστε ετικέτα πρώτοι!
|
| Thư viện lưu trữ: | Trung tâm Học liệu Trường Đại học Thủ Dầu Một |
|---|
| LEADER | 00620nam a2200193Ia 4500 | ||
|---|---|---|---|
| 001 | TDMU_4955 | ||
| 008 | 210410s9999 xx 000 0 und d | ||
| 082 | |a 440.71 | ||
| 090 | |b NG527 | ||
| 100 | |a Nguyễn, Hữu Thọ | ||
| 245 | 0 | |a Bài tập tiếng Pháp 9 | |
| 245 | 0 | |c Nguyễn Hữu Thọ | |
| 260 | |a H, | ||
| 260 | |b Giáo dục | ||
| 260 | |c 2006 | ||
| 300 | |a 107tr | ||
| 650 | |a Sách lớp 9 |v Bài tập; Tiếng Pháp |x Dạy và học | ||
| 856 | |u http://lrc.tdmu.edu.vn/opac/search/detail.asp?aID=2&ID=4955 | ||
| 980 | |a Trung tâm Học liệu Trường Đại học Thủ Dầu Một | ||